000
00290nam a22001337a 4500
008
260428b ||||| |||| 00| 0 eng d
020
_a
9789928028044
041
_a
Shqip
080
_a
821.1
100
_a
20
101
_a
roman
245
_a
Zemër
_c
Edmondo De Amicis
942
_2
udc
_c
BK
999
_c
61011
_d
61011